| 000 | 00622cam5a220018100 4500 | ||
|---|---|---|---|
| 001 | qce00884855 | ||
| 005 | 20190823084331.0 | ||
| 008 | 740430s1971 gw eng u | ||
| 035 | _a(Sirsi) r10928 | ||
| 035 | _a(QCAT)lss00567781 | ||
| 035 | _a(UPRA)qce00884855 | ||
| 040 | _dUPRA | ||
| 100 | 1 |
_aShort, Shelton Hardaway, 1898-1974. _dShort, Shelton Hardaway, 1898-1974. _6A64606.1 |
|
| 245 | 1 | 0 |
_aThin golden lines : _ba booklet of verse, 1970-71 / _c[by] Shelton H. Short. |
| 260 |
_aGottingen : _bDieterich University Book Pub. House, _c1971. |
||
| 949 |
_aPS3569 _wlcc _i-2720 _mMAIN _tBOOK _lON-SHELF |
||
| 004 | 10928 | ||
| 999 |
_c140096 _d140096 |
||